Протоколы ЦК партии "Народной свободы" и протокольная запись доклада по внешней политике на конференции 14 мая 1918 г.

Доступно только в Электронных читальных залах Найти на картеНа карте
RUSMARC
00004128nmc2a22002771x 450
0018aed2c33-23af-405a-96c4-fb30c656eb1c
00520131126191331.0
100##$a20130529l1918 k y0rusy50 ca
1010#$arus
102##$aRU
105##$aa z |||||
1222#$ad19180317
$ad19180716
2001#$aПротоколы ЦК партии "Народной свободы" и протокольная запись доклада по внешней политике на конференции 14 мая 1918 г.
$j1918
215##$a55 листов
$cсхем.
251##$cДело
300##$aЗаголовок дела на папке: 1918 г. Протоколы ЦК партии "Народной свободы" 30/17/III, 15/IV, 17/IV, 26/IV, 3/V, 10/VII, 26/13/VII. Протокольная запись доклада по внешней политике на Конференции 14 мая
300##$aЛист 2 - мастичная печать; лист 47 поврежден; лист I - титульный с заголовком; лист II - заверитель с отметкой о проверке
300##$aЧасть документов рукописная, часть - напечатана на машинке
461#0$10011d649a3b-ccdf-484e-a423-ec64c785c8ed
$12001
$aПартия народной свободы (кадеты)
$1251
$cФонд
$1852
$j523
462#0$10018b9e8422-dd9e-4ea7-b938-3dc971685134
$12001
$aПартия народной свободы (кадеты). 1905-1917 гг.
$1251
$cОпись
$1852
$j2
517##$a1918 г. Протоколы ЦК партии "Народной свободы" 30/17/III, 15/IV, 17/IV, 26/IV, 3/V, 10/VII, 26/13/VII. Протокольная запись доклада по внешней политике на Конференции 14 мая
60102$3RU\NLR\AUTH\661232767
$aКонституционно-демократическая партия
60102$aПартия народной свободы. ЦК
801#0$aRU
$bGA_RF
801#1$aRU
$bНПО Опыт
$c20130529
$2rusmarc
801#2$aRU
$bПБ им. Б.Н. Ельцина
$c20131126
$gRCR
$2rusmarc
852##$aГА РФ
$j23
937##$d42068255
$hПБ
035##$aRuPRLIB51000127
Формат отображения